50 Nachkommastellen von Pi in 30 Sekunden - Statistiken

Allgemein
  • Dieses Quiz wurde 6.070 mal gespielt
  • Das Durchschnittsergebnis liegt bei 20 aus 50
Antwortstatistiken
% Korrekt
1
100%
4
98%
1
97%
5
95%
9
92%
2
89%
6
85%
5
79%
3
75%
5
69%
8
62%
9
58%
7
54%
9
50%
3
48%
2
46%
3
45%
8
42%
4
40%
6
39%
2
37%
6
36%
4
35%
3
34%
3
33%
3
32%
8
32%
2
31%
7
28%
9
27%
5
25%
0
24%
2
23%
8
22%
8
21%
1
19%
4
19%
9
17%
1
16%
7
16%
6
14%
9
13%
3
12%
9
12%
9
11%
3
10%
1
9%
5
9%
7
9%
0
8%
Keine übereinstimmenden Quizze gefunden
Verteilung der Resultate
Anzahl Personen mit jedem Resultat
Perzentil nach korrekt beantworteten Fragen
Ihre Resultats-Entwicklung
Sie haben dieses Quiz noch nicht gespielt